Journal ofLeadership, Accounting Development and Investigation Research (JLADIR) (Record no. 38462)

MARC details
000 -LEADER
fixed length control field 00504nam a2200169Ia 4500
022 ## - INTERNATIONAL STANDARD SERIAL NUMBER
ISSN 11168228
050 ## - CALL MARK
Classification number HF 5630 .J68/
245 #0 - TITLE STATEMENT
Title Journal ofLeadership, Accounting Development and Investigation Research (JLADIR)
260 ## - PUBLICATION, DISTRIBUTION, ETC. (IMPRINT)
Place of publication Kogi State, Nigeria
260 ## - PUBLICATION, DISTRIBUTION, ETC. (IMPRINT)
Name of publisher Kogi State University
260 ## - PUBLICATION, DISTRIBUTION, ETC. (IMPRINT)
Year of publication 2020
300 ## - PHYSICAL DESCRIPTION
Number of Pages v, 239 p. :ill. ; 28 cm.
650 ## - SUBJECT ADDED ENTRY--TOPICAL TERM
Topical Term Accounting--Study and teaching--Malaysia.
942 ## - ADDED ENTRY ELEMENTS (KOHA)
Koha item type Serials

No items available.